[Event "CZE-ch U10 2020"]
[Site "Kouty nad Desnou"]
[Date "2020.03.10"]
[Round "5.4"]
[White "Svadlenka, Michal"]
[Black "Alidis, Myron"]
[Result "1-0"]
[WhiteElo "1309"]
[BlackElo "1395"]
[Annotator "NA RC"]
[PlyCount "137"]
[EventDate "2020.03.07"]
[EventCountry "CZE"]
[SourceTitle "playchess.com"]
[Source "ChessBase"]
[SourceQuality "1"]
[TimeControl "5400+30"]

1. e4 {[%emt 0:00:00]} c5 {[%emt 0:00:00]} 2. Nf3 {[%emt 0:00:00]} e6 {[%emt 0:00:00]} 3. d4 {[%emt 0:00:20]} cxd4 {[%emt 0:00:05]} 4. Nxd4 {[%emt 0:00:20]} Nf6 {[%emt 0:00:07]} 5. Nc3 {[%emt 0:00:31]} d6 {[%emt 0:00:07]} 6. Be3 {[%emt 0:00:27]} Be7 {[%emt 0:00:06]} 7. f3 {[%emt 0:00:20]} O-O {[%emt 0:00:08]} 8. Qd2 {[%emt 0:00:30]} Nc6 {[%emt 0:01:00]} 9. O-O-O {[%emt 0:02:02]} d5 {[%emt 0:00:15]} 10. Nxc6 {[%emt 0:03:09]} bxc6 {[%emt 0:00:08]} 11. e5 {[%emt 0:03:32]} Nd7 {[%emt 0:00:17]} 12. f4 {[%emt 0:01:33]} c5 {[%emt 0:01:50]} 13. Bf2 {[%emt 0:04:51]} Bb7 {[%emt 0:01:31]} 14. Qd3 {[%emt 0:03:46]} Qa5 {[%emt 0:01:21]} 15. Qb5 {[%emt 0:03:17]} Qxb5 {[%emt 0:00:30]} 16. Bxb5 {[%emt 0:00:12]} Nb6 {[%emt 0:00:28]} 17. Rhg1 {[%emt 0:02:40]} c4 {[%emt 0:01:16]} 18. Na4 {[%emt 0:02:27]} Nxa4 {[%emt 0:00:20]} 19. Bxa4 {[%emt 0:00:13]} Ba6 {[%emt 0:01:11]} 20. c3 {[%emt 0:01:00]} Rfc8 {[%emt 0:00:24]} 21. g3 {[%emt 0:01:10]} Bc5 {[%emt 0:00:26]} 22. Bd4 {[%emt 0:01:13]} Bxd4 {[%emt 0:00:21]} 23. Rxd4 {[%emt 0:00:11]} Rab8 {[%emt 0:00:30]} 24. Rg2 {[%emt 0:01:22]} Bb5 {[%emt 0:00:51]} 25. Bxb5 {[%emt 0:01:02]} Rxb5 {[%emt 0:00:08]} 26. a3 {[%emt 0:00:16]} Rcb8 {[%emt 0:00:54]} 27. Kb1 {[%emt 0:00:44]} Kf8 {[%emt 0:00:58]} 28. Ka2 {[%emt 0:00:13]} Ke7 {[%emt 0:01:19]} 29. Ka1 {[%emt 0:00:24]} f5 {[%emt 0:00:33]} 30. h3 {[%emt 0:01:36]} h5 {[%emt 0:00:17]} 31. Rdd2 {[%emt 0:00:44]} Rf8 {[%emt 0:00:46]} 32. Rg1 {[%emt 0:00:38]} Rg8 {[%emt 0:01:42]} 33. h4 {[%emt 0:00:34]} g6 {[%emt 0:00:38]} 34. Rd4 {[%emt 0:00:29]} Rgb8 {[%emt 0:00:29]} 35. Rg2 {[%emt 0:00:22]} Ra5 {[%emt 0:01:29]} 36. Rgd2 {[%emt 0:00:24]} Rb3 {[%emt 0:00:33]} 37. Ka2 {[%emt 0:00:13]} Kd7 {[%emt 0:00:16]} 38. Rxc4 {[%emt 0:00:36]} Rab5 {[%emt 0:00:44]} 39. Ra4 {[%emt 0:00:51]} Rb7 {[%emt 0:00:25]} 40. Ra6 {[%emt 0:00:45]} R3b6 {[%emt 0:00:45]} 41. Rxb6 {[%emt 0:00:31]} Rxb6 {[%emt 0:00:07]} 42. Rd4 {[%emt 0:00:09]} Kc6 {[%emt 0:01:44]} 43. Ra4 {[%emt 0:00:35]} a6 {[%emt 0:00:08]} 44. Ra5 {[%emt 0:00:53]} Kc7 {[%emt 0:00:45]} 45. Rc5+ {[%emt 0:01:54]} Rc6 {[%emt 0:01:09]} 46. Rxc6+ {[%emt 0:00:31]} Kxc6 {[%emt 0:00:07]} 47. b4 {[%emt 0:00:25]} Kb5 {[%emt 0:01:08]} 48. Kb3 {[%emt 0:00:11]} Kc6 {[%emt 0:00:49]} 49. c4 {[%emt 0:01:43]} d4 {[%emt 0:00:52]} 50. Kc2 {[%emt 0:00:13]} Kb6 {[%emt 0:00:16]} 51. Kd3 {[%emt 0:00:16]} Kc6 {[%emt 0:00:09]} 52. Kxd4 {[%emt 0:00:15]} Kb6 {[%emt 0:00:09]} 53. a4 {[%emt 0:00:14]} Kc6 {[%emt 0:00:16]} 54. b5+ {[%emt 0:00:09]} axb5 {[%emt 0:00:07]} 55. axb5+ {[%emt 0:00:17]} Kb6 {[%emt 0:00:06]} 56. Kc3 {[%emt 0:00:17]} Ka5 {[%emt 0:00:25]} 57. Kb3 {[%emt 0:00:18]} Kb6 {[%emt 0:00:08]} 58. Kb4 {[%emt 0:00:31]} Kc7 {[%emt 0:00:21]} 59. Kc5 {[%emt 0:00:11]} Kd7 {[%emt 0:00:14]} 60. b6 {[%emt 0:00:15]} g5 {[%emt 0:00:23]} 61. hxg5 {[%emt 0:00:20]} h4 {[%emt 0:00:25]} 62. gxh4 {[%emt 0:00:16]} Kc8 {[%emt 0:00:05]} 63. Kc6 {[%emt 0:00:40]} Kd8 {[%emt 0:00:23]} 64. b7 {[%emt 0:00:13]} Ke8 {[%emt 0:00:19]} 65. b8=Q+ {[%emt 0:00:14]} Kf7 {[%emt 0:00:07]} 66. Kd6 {[%emt 0:00:25]} Kg7 {[%emt 0:00:12]} 67. h5 {[%emt 0:00:18]} Kh7 {[%emt 0:00:12]} 68. h6 {[%emt 0:00:44]} Kg6 {[%emt 0:00:17]} 69. Qe8+ {[%emt 0:00:13]} 1-0

[Event "CZE-ch U10 2020"]
[Site "Kouty nad Desnou"]
[Date "2020.03.10"]
[Round "5.5"]
[White "Roubal, Matyas"]
[Black "Stary, Vojtech"]
[Result "1-0"]
[WhiteElo "1380"]
[BlackElo "1559"]
[Annotator "NA RC"]
[PlyCount "37"]
[EventDate "2020.03.07"]
[EventCountry "CZE"]
[SourceTitle "playchess.com"]
[Source "ChessBase"]
[SourceQuality "1"]
[TimeControl "5400+30"]

1. e4 {[%emt 0:00:00]} e5 {[%emt 0:00:00]} 2. Nf3 {[%emt 0:00:00]} Nc6 {[%emt 0:00:00]} 3. Bb5 {[%emt 0:00:00]} Nf6 {[%emt 0:00:00]} 4. Nc3 {[%emt 0:00:00]} Bb4 {[%emt 0:00:23]} 5. O-O {[%emt 0:00:00]} d6 {[%emt 0:01:29]} 6. Nd5 {[%emt 0:00:01]} Bc5 {[%emt 0:02:33]} 7. d4 {[%emt 0:01:10]} exd4 {[%emt 0:02:27]} 8. b4 {[%emt 0:00:37]} Bb6 {[%emt 0:05:18]} 9. Bg5 {[%emt 0:00:08]} Bd7 {[%emt 0:02:42]} 10. Bxf6 {[%emt 0:05:39]} gxf6 {[%emt 0:01:34]} 11. Re1 {[%emt 0:06:42]} Ne5 {[%emt 0:09:12]} 12. Bxd7+ {[%emt 0:01:36]} Nxd7 {[%emt 0:02:22]} 13. Nxd4 {[%emt 0:00:47]} c6 {[%emt 0:02:27]} 14. Nxb6 {[%emt 0:03:21]} Qxb6 {[%emt 0:01:56]} 15. Nf5 {[%emt 0:00:39]} Ne5 {[%emt 0:07:34]} 16. Qxd6 {[%emt 0:02:07]} Qxf2+ {[%emt 0:13:27]} 17. Kxf2 {[%emt 0:00:21]} Ng4+ {[%emt 0:00:17]} 18. Kg1 {[%emt 0:00:05]} Rd8 {[%emt 0:02:05]} 19. Ng7# {[%emt 0:00:10]} 1-0

[Event "CZE-ch U10 2020"]
[Site "Kouty nad Desnou"]
[Date "2020.03.10"]
[Round "5.6"]
[White "Bouska, Jiri"]
[Black "Srba, Daniel"]
[Result "1-0"]
[WhiteElo "1643"]
[BlackElo "1145"]
[Annotator "NA RC"]
[PlyCount "63"]
[EventDate "2020.03.07"]
[EventCountry "CZE"]
[SourceTitle "playchess.com"]
[Source "ChessBase"]
[SourceQuality "1"]
[TimeControl "5400+30"]

1. e4 {[%emt 0:00:00]} e5 {[%emt 0:00:19]} 2. Nf3 {[%emt 0:00:00]} Nc6 {[%emt 0:00:11]} 3. Bb5 {[%emt 0:00:38]} Nf6 {[%emt 0:05:08]} 4. O-O {[%emt 0:01:22]} Bc5 {[%emt 0:06:02]} 5. Re1 {[%emt 0:01:07]} Ng4 {[%emt 0:04:37]} 6. d4 {[%emt 0:06:31]} Bb6 {[%emt 0:03:26]} 7. h3 {[%emt 0:01:10]} Nf6 {[%emt 0:00:36]} 8. dxe5 {[%emt 0:00:59]} Ng8 {[%emt 0:02:24]} 9. Ng5 {[%emt 0:01:11]} Nge7 {[%emt 0:04:05]} 10. Qh5 {[%emt 0:01:02]} Nxe5 {[%emt 0:05:56]} 11. Bf4 {[%emt 0:01:10]} N5g6 {[%emt 0:00:23]} 12. Bc4 {[%emt 0:01:23]} d5 {[%emt 0:04:56]} 13. exd5 {[%emt 0:01:37]} h6 {[%emt 0:00:25]} 14. d6 {[%emt 0:25:55]} hxg5 15. dxe7 {[%emt 0:04:37]} Qd4 {[%emt 0:03:00]} 16. Bxf7+ {[%emt 0:03:51]} Kxf7 {[%emt 0:00:12]} 17. Bg3 {[%emt 0:10:32]} Bd7 {[%emt 0:01:03]} 18. Qf3+ {[%emt 0:00:54]} Qf6 {[%emt 0:01:22]} 19. Qe4 {[%emt 0:01:08]} Qe6 {[%emt 0:03:55]} 20. Qb4 {[%emt 0:01:45]} c5 {[%emt 0:02:47]} 21. Qd2 {[%emt 0:00:48]} Qc6 {[%emt 0:01:11]} 22. Nc3 {[%emt 0:01:02]} Ba5 {[%emt 0:05:28]} 23. Re3 {[%emt 0:02:45]} Nxe7 {[%emt 0:03:33]} 24. Rae1 {[%emt 0:05:21]} Ng6 {[%emt 0:04:29]} 25. Rd3 {[%emt 0:01:22]} Rad8 {[%emt 0:06:04]} 26. Rd6 {[%emt 0:00:31]} Qc8 {[%emt 0:03:48]} 27. Qd5+ {[%emt 0:01:00]} Kf8 {[%emt 0:01:47]} 28. Rxg6 {[%emt 0:00:29]} Bf5 {[%emt 0:00:42]} 29. Bd6+ {[%emt 0:00:23]} Rxd6 {[%emt 0:00:55]} 30. Qxd6+ {[%emt 0:00:22]} Kf7 {[%emt 0:00:12]} 31. Re7+ {[%emt 0:00:19]} Kg8 {[%emt 0:00:23]} 32. Rexg7# {[%emt 0:00:19]} 1-0

[Event "CZE-ch U10 2020"]
[Site "Kouty nad Desnou"]
[Date "2020.03.10"]
[Round "5.7"]
[White "Svadlenka, Dominik"]
[Black "Ruzicka, Oto"]
[Result "1-0"]
[WhiteElo "1410"]
[BlackElo "1168"]
[Annotator "NA RC"]
[PlyCount "51"]
[EventDate "2020.03.07"]
[EventCountry "CZE"]
[SourceTitle "playchess.com"]
[Source "ChessBase"]
[SourceQuality "1"]
[TimeControl "5400+30"]

1. d4 {[%emt 0:00:00]} d5 {[%emt 0:00:00]} 2. c4 {[%emt 0:00:00]} Nf6 {[%emt 0:01:04]} 3. cxd5 {[%emt 0:00:06]} Nxd5 {[%emt 0:00:18]} 4. e4 {[%emt 0:00:40]} Nb6 {[%emt 0:01:22]} 5. Nc3 {[%emt 0:00:54]} Nc6 {[%emt 0:01:28]} 6. d5 {[%emt 0:00:41]} Ne5 {[%emt 0:03:09]} 7. f4 {[%emt 0:04:14]} Nec4 {[%emt 0:02:38]} 8. Bxc4 {[%emt 0:00:24]} Nxc4 {[%emt 0:00:24]} 9. Qa4+ {[%emt 0:00:04]} Bd7 {[%emt 0:01:26]} 10. Qxc4 {[%emt 0:00:23]} e6 {[%emt 0:01:48]} 11. Nf3 {[%emt 0:00:59]} Be7 {[%emt 0:04:01]} 12. O-O {[%emt 0:02:13]} O-O {[%emt 0:02:15]} 13. Kh1 {[%emt 0:00:43]} Qc8 {[%emt 0:02:27]} 14. b3 {[%emt 0:05:23]} f5 {[%emt 0:01:43]} 15. exf5 {[%emt 0:07:52]} exf5 {[%emt 0:03:28]} 16. Bb2 {[%emt 0:02:38]} Bf6 {[%emt 0:01:32]} 17. Ba3 {[%emt 0:01:51]} Re8 {[%emt 0:01:32]} 18. Rae1 {[%emt 0:01:09]} b6 {[%emt 0:05:44]} 19. Rxe8+ {[%emt 0:01:24]} Bxe8 {[%emt 0:00:54]} 20. Ne5 {[%emt 0:02:00]} Kh8 {[%emt 0:02:33]} 21. Nb5 {[%emt 0:05:29]} Bxe5 {[%emt 0:02:13]} 22. fxe5 {[%emt 0:00:28]} c6 {[%emt 0:00:18]} 23. Nd6 {[%emt 0:00:45]} b5 {[%emt 0:08:45]} 24. Qc5 {[%emt 0:02:59]} Qa6 {[%emt 0:00:50]} 25. Nxf5 {[%emt 0:02:43]} b4 {[%emt 0:00:28]} 26. Qf8# 1-0

[Event "CZE-ch U10 2020"]
[Site "Kouty nad Desnou"]
[Date "2020.03.10"]
[Round "5.8"]
[White "Bulawa, Adam"]
[Black "Komarek, Tobias"]
[Result "0-1"]
[WhiteElo "1014"]
[BlackElo "1235"]
[Annotator "NA RC"]
[PlyCount "92"]
[EventDate "2020.03.07"]
[EventCountry "CZE"]
[SourceTitle "playchess.com"]
[Source "ChessBase"]
[SourceQuality "1"]
[TimeControl "5400+30"]

1. c3 {[%emt 0:00:00]} e5 {[%emt 0:00:00]} 2. d4 {[%emt 0:00:00]} exd4 {[%emt 0:00:10]} 3. cxd4 {[%emt 0:00:00]} d5 {[%emt 0:00:09]} 4. Nc3 {[%emt 0:00:04]} Nf6 {[%emt 0:00:17]} 5. Bf4 {[%emt 0:00:44]} Bb4 {[%emt 0:00:30]} 6. e3 {[%emt 0:00:30]} Ne4 {[%emt 0:00:31]} 7. Nge2 {[%emt 0:00:11]} Bf5 {[%emt 0:00:26]} 8. a3 {[%emt 0:01:09]} Bd6 {[%emt 0:02:57]} 9. Bg3 {[%emt 0:01:28]} Nxg3 {[%emt 0:02:16]} 10. Nxg3 Bg6 {[%emt 0:00:25]} 11. Bd3 {[%emt 0:01:18]} Bxd3 {[%emt 0:00:36]} 12. Qxd3 {[%emt 0:00:09]} O-O {[%emt 0:00:15]} 13. O-O {[%emt 0:00:57]} Bxg3 {[%emt 0:00:22]} 14. fxg3 {[%emt 0:00:06]} Nc6 {[%emt 0:00:42]} 15. Rf2 {[%emt 0:02:28]} Qg5 {[%emt 0:01:03]} 16. Raf1 {[%emt 0:01:51]} Rae8 {[%emt 0:01:15]} 17. Rf3 {[%emt 0:01:46]} Na5 {[%emt 0:01:51]} 18. Re1 {[%emt 0:03:32]} Re7 {[%emt 0:01:13]} 19. Qf5 {[%emt 0:01:19]} Qxf5 {[%emt 0:01:13]} 20. Rxf5 {[%emt 0:00:08]} c6 {[%emt 0:00:56]} 21. e4 {[%emt 0:00:29]} Nc4 {[%emt 0:00:57]} 22. Re2 {[%emt 0:00:28]} Rfe8 {[%emt 0:00:38]} 23. Rf4 {[%emt 0:03:57]} dxe4 {[%emt 0:00:57]} 24. Rfxe4 {[%emt 0:02:29]} Rxe4 {[%emt 0:00:41]} 25. Rxe4 {[%emt 0:00:22]} Rxe4 {[%emt 0:00:12]} 26. Nxe4 {[%emt 0:00:14]} Nxb2 {[%emt 0:00:09]} 27. Nd6 {[%emt 0:00:15]} b5 {[%emt 0:00:43]} 28. Nc8 {[%emt 0:00:52]} a5 {[%emt 0:00:24]} 29. Na7 {[%emt 0:00:20]} Nc4 {[%emt 0:00:25]} 30. Nxc6 {[%emt 0:00:07]} Nxa3 {[%emt 0:00:09]} 31. Nxa5 {[%emt 0:00:16]} f6 {[%emt 0:00:18]} 32. Nb3 {[%emt 0:01:46]} Kf7 {[%emt 0:00:09]} 33. Kf2 {[%emt 0:00:22]} Ke6 {[%emt 0:00:09]} 34. Ke3 {[%emt 0:02:02]} Nc2+ {[%emt 0:00:22]} 35. Kd2 {[%emt 0:01:27]} Nb4 {[%emt 0:00:17]} 36. Nc1 {[%emt 0:01:18]} Nd5 {[%emt 0:00:26]} 37. Na2 {[%emt 0:00:42]} g5 {[%emt 0:01:48]} 38. g4 {[%emt 0:04:28]} f5 {[%emt 0:00:35]} 39. gxf5+ {[%emt 0:02:15]} Kxf5 {[%emt 0:00:19]} 40. g3 {[%emt 0:03:22]} Ke4 {[%emt 0:00:25]} 41. h4 {[%emt 0:01:24]} gxh4 {[%emt 0:00:11]} 42. gxh4 {[%emt 0:00:05]} Kxd4 {[%emt 0:00:16]} 43. Nc1 {[%emt 0:00:24]} Nf4 {[%emt 0:00:50]} 44. Ne2+ {[%emt 0:00:42]} Nxe2 {[%emt 0:00:32]} 45. Kxe2 {[%emt 0:00:15]} Kc3 {[%emt 0:00:08]} 46. Kd1 {[%emt 0:00:24]} Kb2 {[%emt 0:00:08]} 0-1

[Event "CZE-ch U10 2020"]
[Site "Kouty nad Desnou"]
[Date "2020.03.10"]
[Round "5.9"]
[White "Chernyy, Andrey"]
[Black "Stejskal, Jakub"]
[Result "1-0"]
[WhiteElo "1208"]
[BlackElo "1557"]
[Annotator "NA RC"]
[PlyCount "29"]
[EventDate "2020.03.07"]
[EventCountry "CZE"]
[SourceTitle "playchess.com"]
[Source "ChessBase"]
[SourceQuality "1"]
[TimeControl "5400+30"]

1. e4 {[%emt 0:00:00]} e5 {[%emt 0:00:00]} 2. Nf3 {[%emt 0:00:20]} Nc6 {[%emt 0:00:24]} 3. Bc4 {[%emt 0:01:22]} Bc5 {[%emt 0:02:23]} 4. Nc3 {[%emt 0:03:19]} d6 {[%emt 0:05:43]} 5. d3 {[%emt 0:03:31]} Be6 {[%emt 0:09:21]} 6. Bxe6 {[%emt 0:01:55]} fxe6 {[%emt 0:00:12]} 7. Na4 {[%emt 0:02:10]} Bd4 {[%emt 0:01:20]} 8. c3 {[%emt 0:00:39]} Bb6 {[%emt 0:18:07]} 9. Nxb6 {[%emt 0:01:50]} axb6 {[%emt 0:00:15]} 10. Ng5 {[%emt 0:02:16]} h6 {[%emt 0:01:28]} 11. Qh5+ {[%emt 0:01:07]} Kd7 {[%emt 0:02:39]} 12. Qf7+ {[%emt 0:02:27]} Nge7 {[%emt 0:05:06]} 13. Qxe6+ {[%emt 0:01:22]} Ke8 {[%emt 0:08:40]} 14. Nf7 {[%emt 0:00:59]} Qd7 {[%emt 0:10:47]} 15. Qxd7+ {[%emt 0:00:50] Ng8} 1-0

[Event "CZE-ch U10 2020"]
[Site "Kouty nad Desnou"]
[Date "2020.03.10"]
[Round "5.10"]
[White "Stefaniv, Vladyslav"]
[Black "Melnikov, Ivan"]
[Result "0-1"]
[WhiteElo "1265"]
[BlackElo "1253"]
[Annotator "NA"]
[PlyCount "52"]
[EventDate "2020.03.07"]
[EventCountry "CZE"]
[SourceTitle "playchess.com"]
[Source "ChessBase"]
[SourceQuality "1"]
[TimeControl "5400+30"]

1. e4 {[%emt 0:00:00]} c5 {[%emt 0:00:00]} 2. c4 {[%emt 0:00:00]} Nc6 {[%emt 0:00:07]} 3. Nf3 {[%emt 0:00:17]} e5 {[%emt 0:00:25]} 4. Nc3 {[%emt 0:03:02]} d6 {[%emt 0:01:31]} 5. d3 {[%emt 0:03:35]} g6 {[%emt 0:04:47]} 6. Be2 {[%emt 0:01:23]} Bg7 {[%emt 0:02:11]} 7. O-O {[%emt 0:01:41]} Nge7 {[%emt 0:02:01]} 8. a3 {[%emt 0:06:45]} O-O {[%emt 0:04:03]} 9. Rb1 {[%emt 0:04:36]} a5 {[%emt 0:02:27]} 10. Bd2 {[%emt 0:09:38]} f5 {[%emt 0:05:59]} 11. Re1 {[%emt 0:06:27]} fxe4 {[%emt 0:04:38]} 12. dxe4 {[%emt 0:07:28]} Nd4 {[%emt 0:07:05]} 13. b4 axb4 {[%emt 0:03:53]} 14. axb4 {[%emt 0:10:53]} cxb4 {[%emt 0:00:54]} 15. Rxb4 {[%emt 0:00:38]} Nxe2+ {[%emt 0:00:31]} 16. Qxe2 {[%emt 0:02:52]} Nc6 {[%emt 0:01:01]} 17. Rb2 {[%emt 0:01:53]} Bg4 {[%emt 0:00:16]} 18. Be3 {[%emt 0:13:44]} Nd4 {[%emt 0:01:24]} 19. Bxd4 {[%emt 0:00:22]} exd4 {[%emt 0:00:07]} 20. Nd1 {[%emt 0:10:15]} d3 {[%emt 0:01:11]} 21. Qxd3 {[%emt 0:01:52]} Bxb2 {[%emt 0:00:03]} 22. Nxb2 {[%emt 0:00:14]} Qf6 {[%emt 0:00:36]} 23. Nd1 {[%emt 0:07:01]} Bxf3 {[%emt 0:00:15]} 24. gxf3 {[%emt 0:00:18]} Qxf3 {[%emt 0:00:40]} 25. Qf1 {[%emt 0:00:24]} Rf4 {[%emt 0:05:16]} 26. e5 {[%emt 0:02:58]} Rg4+ 0-1

[Event "CZE-ch U10 2020"]
[Site "Kouty nad Desnou"]
[Date "2020.03.10"]
[Round "5.11"]
[White "Milek, Tobias"]
[Black "Policar, Martin"]
[Result "1-0"]
[WhiteElo "1163"]
[BlackElo "1264"]
[Annotator "NA"]
[PlyCount "77"]
[EventDate "2020.03.07"]
[EventCountry "CZE"]
[SourceTitle "playchess.com"]
[Source "ChessBase"]
[SourceQuality "1"]
[TimeControl "5400+30"]

1. e4 {[%emt 0:00:00]} Nf6 {[%emt 0:00:00]} 2. Nc3 {[%emt 0:00:00]} e5 {[%emt 0:00:03]} 3. Nf3 {[%emt 0:00:25]} Nc6 {[%emt 0:01:03]} 4. Bb5 {[%emt 0:00:26]} Bc5 {[%emt 0:01:34]} 5. Nxe5 {[%emt 0:01:54]} Qe7 {[%emt 0:04:01]} 6. Nxc6 {[%emt 0:02:20]} dxc6 {[%emt 0:00:41]} 7. Be2 {[%emt 0:01:41]} Nxe4 {[%emt 0:02:08]} 8. Nxe4 {[%emt 0:00:42]} Qxe4 {[%emt 0:00:34]} 9. O-O {[%emt 0:02:12]} O-O {[%emt 0:04:29]} 10. d3 {[%emt 0:01:59]} Qh4 {[%emt 0:01:19]} 11. g3 {[%emt 0:01:04]} Qe7 {[%emt 0:01:14]} 12. Bf3 {[%emt 0:00:26]} Re8 {[%emt 0:01:59]} 13. Bd2 {[%emt 0:01:28]} Be6 {[%emt 0:08:49]} 14. Re1 {[%emt 0:01:58]} Qd6 {[%emt 0:03:01]} 15. Bf4 {[%emt 0:00:24]} Qd4 {[%emt 0:00:33]} 16. Be3 {[%emt 0:01:25]} Qd6 {[%emt 0:02:38]} 17. d4 {[%emt 0:01:09]} Bb6 {[%emt 0:01:37]} 18. c3 {[%emt 0:02:32]} Rab8 {[%emt 0:01:05]} 19. Bf4 {[%emt 0:01:41]} Qd8 {[%emt 0:03:11]} 20. Qc2 {[%emt 0:03:05]} c5 {[%emt 0:03:28]} 21. d5 {[%emt 0:04:30]} Bh3 {[%emt 0:07:17]} 22. Rxe8+ {[%emt 0:01:30]} Qxe8 {[%emt 0:00:45]} 23. Qd2 {[%emt 0:00:16]} Rd8 {[%emt 0:01:32]} 24. Re1 {[%emt 0:00:44]} Be6 {[%emt 0:02:32]} 25. Qc1 {[%emt 0:00:52]} Qb5 {[%emt 0:07:45]} 26. dxe6 {[%emt 0:01:27]} fxe6 {[%emt 0:00:55]} 27. Rxe6 {[%emt 0:00:35]} Qd3 {[%emt 0:00:34]} 28. Re3 {[%emt 0:05:31]} Qg6 {[%emt 0:00:43]} 29. Be4 {[%emt 0:01:10]} Qh5 {[%emt 0:00:22]} 30. Rd3 {[%emt 0:01:33]} Re8 {[%emt 0:02:06]} 31. Re3 {[%emt 0:02:01]} Rd8 {[%emt 0:01:02]} 32. Bf3 {[%emt 0:00:42]} Qg6 {[%emt 0:05:44]} 33. Re1 {[%emt 0:01:44]} c6 {[%emt 0:01:39]} 34. Qe3 {[%emt 0:01:35]} c4 {[%emt 0:01:48]} 35. Qe6+ {[%emt 0:00:55]} Qxe6 {[%emt 0:00:30]} 36. Rxe6 {[%emt 0:00:09]} Rf8 {[%emt 0:00:30]} 37. Re7 {[%emt 0:00:47]} c5 {[%emt 0:01:03]} 38. Bd5+ {[%emt 0:00:46]} Kh8 {[%emt 0:00:10]} 39. Be5 {[%emt 0:00:29]} 1-0

[Event "CZE-ch U10 2020"]
[Site "Kouty nad Desnou"]
[Date "2020.03.10"]
[Round "5.12"]
[White "Letal, Hynek"]
[Black "Soucek, Andrej"]
[Result "1-0"]
[WhiteElo "1127"]
[BlackElo "1043"]
[Annotator "NA RC"]
[PlyCount "88"]
[EventDate "2020.03.07"]
[EventCountry "CZE"]
[SourceTitle "playchess.com"]
[Source "ChessBase"]
[SourceQuality "1"]
[TimeControl "5400+30"]

1. e4 {[%emt 0:00:00]} c5 {[%emt 0:00:00]} 2. Nf3 {[%emt 0:00:00]} Nc6 {[%emt 0:00:00]} 3. d4 {[%emt 0:00:00]} cxd4 {[%emt 0:00:40]} 4. Nxd4 {[%emt 0:00:21]} g6 {[%emt 0:00:25]} 5. Nc3 {[%emt 0:01:10]} Bg7 {[%emt 0:00:33]} 6. Be3 {[%emt 0:01:23]} Nf6 {[%emt 0:01:35]} 7. Bc4 {[%emt 0:01:18]} O-O {[%emt 0:01:26]} 8. Bb3 {[%emt 0:00:33]} d6 {[%emt 0:01:30]} 9. f3 {[%emt 0:01:02]} Bd7 {[%emt 0:01:24]} 10. Qd2 {[%emt 0:01:21]} Re8 {[%emt 0:01:25]} 11. h4 {[%emt 0:02:43]} h5 {[%emt 0:00:36]} 12. O-O-O {[%emt 0:01:15]} a6 {[%emt 0:02:32]} 13. Bh6 {[%emt 0:04:09]} Nxd4 {[%emt 0:00:27]} 14. Bxg7 {[%emt 0:02:26]} Nxb3+ {[%emt 0:00:09]} 15. cxb3 {[%emt 0:00:06]} Kxg7 {[%emt 0:00:13]} 16. g4 {[%emt 0:00:42]} Rc8 {[%emt 0:00:16]} 17. Kb1 {[%emt 0:00:09]} b5 {[%emt 0:02:45]} 18. e5 {[%emt 0:00:51]} dxe5 19. g5 {[%emt 0:02:42]} Bf5+ {[%emt 0:11:00]} 20. Ka1 {[%emt 0:01:23]} Nd7 {[%emt 0:03:16]} 21. Qe2 {[%emt 0:04:58]} e6 {[%emt 0:04:54]} 22. Rd6 {[%emt 0:01:40]} Qc7 {[%emt 0:05:02]} 23. Rhd1 {[%emt 0:01:29]} Red8 {[%emt 0:05:33]} 24. Qd2 {[%emt 0:01:13]} b4 {[%emt 0:01:35]} 25. Rxd7 {[%emt 0:04:26]} Rxd7 {[%emt 0:01:25]} 26. Qxd7 {[%emt 0:00:43]} Qxd7 {[%emt 0:00:10]} 27. Rxd7 {[%emt 0:00:05]} bxc3 {[%emt 0:00:12]} 28. bxc3 {[%emt 0:00:12]} Rxc3 {[%emt 0:00:12]} 29. Ra7 {[%emt 0:01:02]} Bd3 {[%emt 0:00:48]} 30. Kb2 {[%emt 0:00:57]} Rc2+ {[%emt 0:00:10]} 31. Ka3 {[%emt 0:00:05]} Rf2 {[%emt 0:00:20]} 32. b4 {[%emt 0:00:33]} Rxf3 {[%emt 0:00:15]} 33. Ka4 {[%emt 0:00:06]} Bb5+ {[%emt 0:00:21]} 34. Ka5 {[%emt 0:00:07]} Ra3+ {[%emt 0:00:08]} 35. Kb6 {[%emt 0:00:04]} Rxa2 {[%emt 0:00:18]} 36. Kc5 {[%emt 0:00:28]} e4 {[%emt 0:00:14]} 37. Kd4 {[%emt 0:00:44]} Re2 {[%emt 0:00:25]} 38. Kc3 {[%emt 0:00:40]} Re3+ {[%emt 0:00:31]} 39. Kd4 {[%emt 0:00:34]} Re1 {[%emt 0:00:19]} 40. Ke5 {[%emt 0:00:45]} e3 {[%emt 0:00:35]} 41. Kf4 {[%emt 0:00:50]} e2 {[%emt 0:00:11]} 42. Kg3 {[%emt 0:00:15]} Rg1+ {[%emt 0:00:10]} 43. Kh2 {[%emt 0:00:15]} e1=Q {[%emt 0:01:03]} 44. Kh3 {[%emt 0:00:22]} Qg3# {[%emt 0:00:07]} 1-0

[Event "CZE-ch U10 2020"]
[Site "Kouty nad Desnou"]
[Date "2020.03.11"]
[Round "6.1"]
[White "Chon, Jeremy"]
[Black "Delgerdalai, Bayarjavkhlan"]
[Result "0-1"]
[WhiteElo "1449"]
[BlackElo "1553"]
[Annotator "NA"]
[PlyCount "81"]
[EventDate "2020.03.07"]
[EventCountry "CZE"]
[SourceTitle "playchess.com"]
[Source "ChessBase"]
[SourceQuality "1"]
[TimeControl "5400+30"]

1. e4 {[%emt 0:00:00]} c5 {[%emt 0:00:00]} 2. Nf3 {[%emt 0:00:00]} d6 {[%emt 0:00:00]} 3. d4 {[%emt 0:00:00]} cxd4 {[%emt 0:00:01]} 4. Qxd4 {[%emt 0:00:05]} Nc6 {[%emt 0:00:36]} 5. Bb5 {[%emt 0:00:05]} Bd7 {[%emt 0:00:43]} 6. Bxc6 {[%emt 0:00:16]} bxc6 {[%emt 0:01:08]} 7. Nc3 {[%emt 0:00:57]} Qc7 {[%emt 0:01:16]} 8. O-O {[%emt 0:01:36]} e5 {[%emt 0:03:32]} 9. Qd3 {[%emt 0:08:09]} Nf6 {[%emt 0:01:34]} 10. Bg5 {[%emt 0:08:51]} Be7 {[%emt 0:04:47]} 11. Rfd1 {[%emt 0:11:27]} Rd8 {[%emt 0:06:55]} 12. Re1 {[%emt 0:07:21]} O-O {[%emt 0:01:10]} 13. Rad1 {[%emt 0:04:30]} Be6 {[%emt 0:03:38]} 14. Qe2 {[%emt 0:06:08]} Ne8 {[%emt 0:04:40]} 15. Bxe7 {[%emt 0:01:45]} Qxe7 {[%emt 0:00:53]} 16. Rd2 {[%emt 0:08:20]} Nc7 {[%emt 0:07:07]} 17. Red1 {[%emt 0:03:23]} f6 {[%emt 0:01:11]} 18. a3 {[%emt 0:03:41]} d5 {[%emt 0:01:15]} 19. b4 {[%emt 0:01:56]} d4 {[%emt 0:03:12]} 20. Na4 {[%emt 0:01:24]} Nb5 {[%emt 0:01:59]} 21. Ra1 {[%emt 0:06:42]} a5 {[%emt 0:06:28]} 22. Nc5 {[%emt 0:03:52]} Bf7 {[%emt 0:01:42]} 23. Nd3 {[%emt 0:04:18]} Nc3 {[%emt 0:02:42]} 24. Qe1 {[%emt 0:02:47]} Bg6 {[%emt 0:00:34]} 25. Nh4 {[%emt 0:04:42]} Bxe4 {[%emt 0:01:45]} 26. Nc5 {[%emt 0:01:37]} Bg6 {[%emt 0:03:57]} 27. Nxg6 {[%emt 0:00:23]} hxg6 {[%emt 0:00:17]} 28. f3 {[%emt 0:01:10]} g5 {[%emt 0:03:57]} 29. Nd3 {[%emt 0:03:09]} Qf7 {[%emt 0:07:16]} 30. Nc1 {[%emt 0:02:36]} Ra8 {[%emt 0:02:07]} 31. Ne2 {[%emt 0:01:13]} Nd5 {[%emt 0:02:06]} 32. Rdd1 {[%emt 0:00:27]} Qa7 {[%emt 0:02:22]} 33. Kh1 {[%emt 0:00:22]} Ne3 {[%emt 0:01:19]} 34. Rdb1 {[%emt 0:00:13]} Nxc2 {[%emt 0:00:15]} 35. Qd2 {[%emt 0:00:54]} Nxa1 {[%emt 0:00:16]} 36. Rxa1 {[%emt 0:00:03]} c5 {[%emt 0:01:33]} 37. Rb1 {[%emt 0:02:10]} c4 {[%emt 0:00:23]} 38. Rc1 {[%emt 0:01:52]} d3 {[%emt 0:00:50]} 39. Nc3 {[%emt 0:00:11]} Qd4 {[%emt 0:00:40]} 40. Nb5 {[%emt 0:00:53]} Qf4 {[%emt 0:00:38]} 41. Qb2 0-1